DJ Hardtechno - Statistiques

Statistiques générales
  • Ce quiz a été pris 50 fois
  • Le résultat moyen est 7 sur 16
Statistiques - réponses
Par images Réponse % Correct
Holy Priest
89%
I Hate Models
83%
Sara Landry
81%
Shlomo
61%
Trym
58%
Onlynumbers
56%
Lessss
53%
Basswell
39%
Oguz
36%
Cloudy
31%
Paula Temple
28%
Klangkuenstler
22%
Jacidorex
14%
Cera Khin
6%
Nina Kraviz
6%
Nico Monero
3%
Aucun quiz correspondant
Distribution des résultats
% des personnes avec chaque résultat
Percentile par nombre de réponses
Votre historique - résultats
Vous n’avez pas pris ce quiz